Estabilización de arcillas expansivas

সংরক্ষণ করুন:
গ্রন্থ-পঞ্জীর বিবরন
প্রধান লেখক: Tapia Balladares, Marco Antonio
বিন্যাস: গ্রন্থ
প্রকাশিত: San José, Costa Rica 1990
বিষয়গুলি:
ট্যাগগুলো: ট্যাগ যুক্ত করুন
কোনো ট্যাগ নেই, প্রথমজন হিসাবে ট্যাগ করুন!

MARC

LEADER 00000nam a2200000Ia 4500
003 005047
005 20221231144331.0
008 140114s1990 cr a m 000 ||s d
040 |c cru CEDI 
090 |a TFG 2392 
100 |a Tapia Balladares, Marco Antonio  |9 8763 
245 |a Estabilización de arcillas expansivas 
260 |c 1990  |a San José, Costa Rica 
300 |a  105 hojas : ilustraciones ; 28 cm.  
500 |a  Proyecto de graduación (licenciatura en ingeniería civil)--Universidad de Costa Rica. Facultad de Ingeniería. Escuela de Ingeniería Civil 
650 |x ARCILLA - PAVAS (SAN JOSE, COSTA RICA)  |9 12954 
942 |c TFG  |2 ddc 
999 |c 20322  |d 20322